Find Five: Capital Cities Quiz Stats

 Plays Quiz Updated Aug 29, 2019

Score 0/50 Timer 05:00
0 Plays Today
% Correct
Washington, D.C.
96.6%
Ottawa
90.6%
Berlin
79.7%
Santiago
78.8%
Oslo
77.8%
La Paz
77.6%
Budapest
76.7%
Port-au-Prince
76.2%
Canberra
74.5%
Montevideo
74.2%
Kingston
73.9%
Quito
73.5%
Addis Ababa
70.3%
Abu Dhabi
69.7%
Bangkok
67.5%
Skopje
67%
Hanoi
66%
Phnom Penh
65.4%
Baghdad
65.4%
Amman
61.6%
Beijing
60.4%
Islamabad
60.3%
Kabul
58.9%
Pristina
58.7%
Accra
57.4%
% Correct
Tegucigalpa
57.3%
São Tomé
56.8%
Muscat
56.7%
Managua
56.4%
Tashkent
55.1%
Bishkek
54%
Windhoek
53.3%
Georgetown
52.3%
Belmopan
51.7%
Sana'a
50.2%
Antananarivo
48.2%
Bamako
47.9%
Castries
44.8%
Tarawa
44.4%
Honiara
43%
Basseterre
43%
Port Louis
42.6%
Dushanbe
42.4%
Roseau
41.4%
Conakry
40%
Naypyidaw
39.9%
Victoria
37.9%
Majuro
34%
Ngerulmud
33.7%
Moroni
32.9%

You're not logged in!

Compare scores with friends on all Sporcle quizzes.
OR
Log In

Sporcle TV

Today on Sporcle TV


Watch our educational content, quiz creation guides, and fun videos on Sporcle TV.

Show Comments

Extras

Top Quizzes Today


Score Distribution

Your Account Isn't Verified!

In order to create a playlist on Sporcle, you need to verify the email address you used during registration. Go to your Sporcle Settings to finish the process.

Report this User

Report this user for behavior that violates our Community Guidelines.

Details: